<?xml version="1.0" encoding="UTF-8"?>
<record
    xmlns:xsi="http://www.w3.org/2001/XMLSchema-instance"
    xsi:schemaLocation="http://www.loc.gov/MARC21/slim http://www.loc.gov/standards/marcxml/schema/MARC21slim.xsd"
    xmlns="http://www.loc.gov/MARC21/slim">

  <leader>02479nam a22002535i 4500</leader>
  <controlfield tag="001">156476</controlfield>
  <controlfield tag="003">ES-MaACL</controlfield>
  <controlfield tag="005">20230906210422.0</controlfield>
  <controlfield tag="008">970116m17881792phl          |||| | spa d</controlfield>
  <datafield tag="040" ind1=" " ind2=" ">
    <subfield code="a">CAM </subfield>
    <subfield code="b">spa </subfield>
    <subfield code="c">CAM</subfield>
  </datafield>
  <datafield tag="100" ind1="0" ind2=" ">
    <subfield code="a">Juan de la Concepci&#xF3;n </subfield>
    <subfield code="c">(O.A.R.)</subfield>
    <subfield code="9">128386</subfield>
  </datafield>
  <datafield tag="245" ind1="1" ind2="0">
    <subfield code="a">Historia general de Philipinas </subfield>
    <subfield code="b">: conquistas espirituales y temporales de estos espa&#xF1;oles dominios, establecimientos progresos y decadencias ... /</subfield>
    <subfield code="c">por el P. Fr. Juan de la Concepci&#xF3;n, Recoleto Agustino Descalzo ... ; [Tomos I- XIV].</subfield>
  </datafield>
  <datafield tag="260" ind1=" " ind2=" ">
    <subfield code="a">En Man[ila] : </subfield>
    <subfield code="b">en la Impr. del Seminar, Conciliar, y Real de S. Carlos, por Agust&#xED;n de la Rosa y Balagtas, </subfield>
    <subfield code="c">1788-1792.</subfield>
  </datafield>
  <datafield tag="300" ind1=" " ind2=" ">
    <subfield code="a">14 v. ([52], 434, [62] p., [3] en bl., [2] h. de l&#xE1;m pleg. ; [4], 502, [58] p., [2] h. de l&#xE1;m. pleg. ; [4], 439, [55] p., [1] h. de l&#xE1;m pleg. ; [4], 487, [63] p. ; [4], 478, [70] p. ; [4], 439, [73] p., [1] h. de l&#xE1;m pleg.; [4], 364, [50] p., [1] h. de l&#xE1;m pleg. ; [4], 391, [59] p. ; [4], 424, [64] p. [1] h. de l&#xE1;m pleg. ; [4], 410, [50] p. ; [4], 420, [48] p. ; [4], 419, [3], [36] p. ; [4], 464, [32] p. ; [4], 381, [31] p.) ; </subfield>
    <subfield code="c">20 cm.</subfield>
  </datafield>
  <datafield tag="510" ind1="3" ind2=" ">
    <subfield code="a">Aguilar Pi&#xF1;al. Bib. S.XVIII|cv. 4, n. 5786</subfield>
  </datafield>
  <datafield tag="596" ind1=" " ind2=" ">
    <subfield code="a">A partir del v. VI est&#xE1; impreso en Sampaloc, en el Covento de Nuestra Se&#xF1;ora de Loreto por Baltasar Mariano.</subfield>
  </datafield>
  <datafield tag="597" ind1=" " ind2=" ">
    <subfield code="a">Sign.: [ ]&#xB2;, &#xB6;4, 2&#xB6;&#xB2;, *-10*&#xB2;, A-Z4, 2A-2Z4, 3A-3H4, 3I&#xB2;?&#xB9;, 1-94 ; [ ]&#xB2;?&#xB9;, a-z4, 2a-2z4, 3a-3r4, *-6*4, 7*6?&#xB9; ; A-Z4, 2A-2Z4, 3A-3H4, 3I6?&#xB9;, &#xB6;-7&#xB6;4 ; A-Z4, 2A-2Z4, 3A-3O4, 3P6?&#xB9;, s-7s4, 8s4?&#xB9; ; [ ]&#xB2;?&#xB9;, A-Z4, 2A-2Z4, 3A-3O4, [ ]&#xB2;?&#xB9;, A-Z4, 2A-2Z4, 3A-3I4, [ ]&#xB2;?&#xB9;, &#xB6;-8&#xB6;4, 9&#xB6;&#xB2; ; &#xA7;-9&#xA7;4 ; [ ]&#xB2;?&#xB9;, A-Z4, 2A-2Z4, &#xA7;-5&#xA7;4, 6&#xA7;6?&#xB9; ; [ ]&#xB2;?&#xB9;, A-Z4, 2A-2Z4, 3A-3C4, &#xA7;-6&#xA7;4, 7&#xA7;6?&#xB9; ; [ ]&#xB2;?&#xB9;, A-Z4, 2A-2Z4, 3A-3G4, &#xA7;-7&#xA7;4, 8&#xA7;6?&#xB9; ; [ ]&#xB2;?&#xB9;, A-Z4, 2A-2Z4, 3A-3F4, &#xA7;-5&#xA7;4, 6&#xA7;4?&#xB9; ; [ ]&#xB2;?&#xB9;, A-Z4, 2A-2Z4, 3A-3G4, &#xA7;-5&#xA7;4, 6&#xA7;4?&#xB9; ; [ ]&#xB2;?&#xB9;, A-Z4, 2A-2Z4, 3A-3F4, 3G6?&#xB9;, &#xA7;-4&#xA7;4, 5&#xA7;&#xB2;?&#xB9; ; [ ]&#xB2;?&#xB9;, A-Z4, 2A-2Z4, 3A-3N4, 2&#xA7;-4&#xA7;4, 5&#xA7;&#xB2; ; [ ]&#xB2;?&#xB9;, A-Z4, 2A-2Z4, 3A-3B4, &#xA7;-4&#xA7;4.</subfield>
  </datafield>
  <datafield tag="597" ind1=" " ind2=" ">
    <subfield code="a">Port. con orla tip.</subfield>
  </datafield>
  <datafield tag="599" ind1=" " ind2=" ">
    <subfield code="a">Al comienzo del texto del vol. I, cartela calcogr&#xE1;fica aleg&#xF3;rica: "C Bagay"</subfield>
  </datafield>
  <datafield tag="599" ind1=" " ind2=" ">
    <subfield code="a">Las h. de l&#xE1;minas plegadas son mapas y planos calcogr&#xE1;ficos firmados por C. Bagay y Nicol&#xE1;s de la Cruz Bagay.</subfield>
  </datafield>
  <datafield tag="651" ind1=" " ind2="4">
    <subfield code="a">Filipinas-</subfield>
    <subfield code="x">Historia-</subfield>
    <subfield code="y">1521-1812.</subfield>
    <subfield code="9">8659</subfield>
  </datafield>
  <datafield tag="651" ind1=" " ind2="4">
    <subfield code="a">Filipinas-</subfield>
    <subfield code="x">Descubrimientos y exploraciones-</subfield>
    <subfield code="x">Espa&#xF1;oles.</subfield>
    <subfield code="9">150281</subfield>
  </datafield>
  <datafield tag="852" ind1=" " ind2=" ">
    <subfield code="a">ES-MaACL</subfield>
    <subfield code="j">R-877-90 </subfield>
    <subfield code="z">-- Enc. perg.</subfield>
  </datafield>
  <datafield tag="999" ind1=" " ind2=" ">
    <subfield code="c">156476</subfield>
    <subfield code="d">156476</subfield>
  </datafield>
  <datafield tag="952" ind1=" " ind2=" ">
    <subfield code="0">0</subfield>
    <subfield code="1">0</subfield>
    <subfield code="4">0</subfield>
    <subfield code="7">0</subfield>
    <subfield code="8">LIBXVIII</subfield>
    <subfield code="a">ATENEOM</subfield>
    <subfield code="b">ATENEOM</subfield>
    <subfield code="c">DEPO</subfield>
    <subfield code="d">2008-01-17</subfield>
    <subfield code="l">0</subfield>
    <subfield code="o">R-877-90</subfield>
    <subfield code="p">1163708</subfield>
    <subfield code="r">2023-02-23 00:00:00</subfield>
    <subfield code="w">2023-02-23</subfield>
    <subfield code="y">MONANT</subfield>
  </datafield>
</record>
